Responses for show #2526 - Monday, September 4, 1995

Isaac Segal game 5.
First game of Season 12.

Contestants

Mark Temares, a project manager from Garden City, New York

Cathy Glassman, a freelance journalist from Owings Mills, Maryland

Isaac Segal, an advertising creative director from Cherry Hill, New Jersey (whose 4-day cash winnings total $56,700)

Jeopardy! Round responses

LONDON LANDMARKS
THE EMMYS
FOOD FACTS
AMERICAN HISTORY
PLUMBING
(Alex: And appropriately enough...)
THE OLYMPICS
    $100 9
Westminster Abbey

Cathy
    $100 2
Rod Serling

Isaac
    $100 10
butter

Isaac
    $100 1
Mathew Brady

Cathy
    $100 25
lead

Mark
    $100 18
Moscow

Isaac
    $200 11
the Great Fire of London

Cathy
    $200 5
The Simpsons

Mark
    $200 15
corn syrup

Mark
    $200 3
Communist Party

Isaac
    $200 27
200

Cathy
    $200 19
Charles Barkley

Isaac
    $300 12
parks

Cathy
    $300 6
Chevy Chase

Isaac
    $300 16
coq au vin

Mark
    $300 4
cotton

Cathy
    $300 28
(Cathy: What is a furnace?)

hot water heater

IsaacCathy
    $300 20
archery

Mark
    $400 23
Tate Gallery

Mark
    $400 13
Roseanne

Cathy
    $400 17
mushroom

Cathy
    $500 7
Eisenhower

Isaac
    $400 29
water softener

Isaac
    $400 21
Jackie Joyner-Kersee

Isaac
    $500 24
Sotheby's

Isaac
    $500 14
(Isaac: Who is Anne Bancroft?)

Ingrid Bergman (she played Golda Meir)

IsaacCathy
    $500 26
pomander

Mark
    $500 8
Chief Justice of the U.S. Supreme Court

Isaac
    $500 30
trap

Mark
    $500 22
(Cathy: What are the discus, hammer, and javelin?)
(Mark: What are the discus, shot put, and hammer?)

discus, javelin & shot put

CathyMark
Triple Stumper

Scores at the first commercial break (after clue 15):

Isaac Cathy Mark
$1,200 $1,900 $400

Scores at the end of the Jeopardy! Round:

Isaac Cathy Mark
$3,100 $1,700 $2,000

Double Jeopardy! Round responses

THE 1980s
NICKNAMES
HEALTH & MEDICINE
LANGUAGES
POETRY
NEW ENGLAND HODGEPODGE
    $200 20
the world's mountains

Mark
    $200 4
Thomas Edison

Mark
    $200 12
asthma

Cathy
    $200 1
India

Mark
    $200 3
(Edgar Allan) Poe

Mark
    $200 26
(Alex: Less than a minute to go in the round.)

New Hampshire

Mark
    $400 21
Pope John Paul II

Isaac
    $400 5
Wellington

Isaac
    $400 13
(Cathy: What are blood cells?)

bone marrow

Cathy
Triple Stumper
    $400 2
German

Isaac
    $400 6
My Heart

Mark
    $400 29
Massachusetts

Cathy
    $600 22
(Isaac: What is Lake Placid?)

Calgary

Isaac
Triple Stumper
    $600 7
Pretender

Triple Stumper
    $600 14
(Mark: What are Achilles tendons?)

hamstrings

CathyMark
    $600 15
Spanish

Isaac
    $600 9
grail

Isaac
    $500 30
Jack (John) & Jackie Kennedy

Cathy
    $800 23
Sunday in the Park with George

Mark
    $800 8
"America's Sweethearts"

Isaac
    $800 18
(Isaac: What is the lens?)

cornea

IsaacMark
    $800 16
Swahili

Cathy
    $800 10
(Samuel Taylor) Coleridge

Isaac
    $800 27
Maine

Triple Stumper
    $1000 24
Australia

Mark
    $1000 25
Édith Piaf

Cathy
    $1000 19
glucose

Cathy
    $1,100 17
(Cathy: What is Arabic?)

Greek

Cathy
    $1000 11
John Donne

Cathy
    $1000 28
(Mark: What is Rhode Island?)
(Isaac: What is Delaware?)

Vermont

IsaacCathyMark

Scores at the end of the Double Jeopardy! Round:

Isaac Cathy Mark
$4,700 $6,700 $4,400

[wagering suggestions for these scores]

Final Jeopardy! Round responses

COUNTRIES OF THE WORLD
MarkWhat is the Philippines
$299
IsaacWhat is Korea?
$4,699
CathyWhat is S. Korea?
$2,800
Japan

Final scores:

Isaac Cathy Mark
$1 $3,900 $4,101
3rd place: Gibson Side-by-Side refrigerator/freezer+ Jeopardy! '92 home game + Jeopardy! Sports Edition video game 2nd place: Trip to Mexico City & Zihuatanejo+ Jeopardy! '92 home game + Jeopardy! Sports Edition video game New champion: $4,101 + Jeopardy! '92 home game + Jeopardy! Sports Edition video game

Game dynamics:

Coryat scores:

Isaac Cathy Mark
$4,600 $7,900 $4,400
19 R
(including 1 DD),
4 W
18 R
(including 1 DD),
4 W
(including 1 DD)
17 R,
3 W

Combined Coryat: $16,900

The J! Archive is created by fans, for fans. The Jeopardy! game show and all elements thereof, including but not limited to copyright and trademark thereto, are the property of Jeopardy Productions, Inc. and are protected under law. This website is not affiliated with, sponsored by, or operated by Jeopardy Productions, Inc. Join the discussion at JBoard.tv.